000 01795cam a22004694i 4500
003 PE-LiUPU
005 20250731173018.0
008 150623s r 000 0 d
020 _a0877843430
035 _a(Sirsi) i9780877843436
040 _aPE-LiUPU
_bspa
_cPE-LiUPU
_erda
049 _aPRUA
082 0 4 _a200.1
_bE96
_221
100 1 _aEvans C., Stephen,
_eautor.
245 1 0 _aPhilosophy of religion :
_bthinking about faith /
_cStephen Evans C.
264 1 _aDowners Grove, Illinois :
_bInterVarsity Press,
_c1985.
300 _a191 páginas ;
_c21 centímetros
336 _atext
_2rdacontent
337 _aunmediated
_2rdamedia
338 _avolume
_2rdacarrier
490 0 _aContours of Christian Philosophy
504 _aIncluye bibliografía.
505 0 _aWhat is philosophy of religion?. -The theistic God: the project of natural theology. -Classical arguments for God's existence. -Religious experience. -Special acts of God: revelations and miracles. -Objections to theism: modernity, science and evil. -The problem of religious language. -Religious pluralism and pewrsonal faith.
526 _aSEG42
526 _aSEG41
526 _aSEG40
526 _aSEG39
526 _aP94
526 _aP87
526 _aP86
526 _aP85
526 _aP77
526 _aP76
526 _aP35
650 0 4 _aFilosofía de la religión.
942 _2ddc
_cBOOK
949 _a200.1 E96
_wDEWEY
_c1
_i47375
_lCCODEBUL1
_mBUL
_r0
_sY
_tBOOK
_u2015-6-24
_xTEOLOGIA
_PP35
_0COMPRA
_o.STAFF. Colección General
994 _aC0
_bPEPRU
596 _a1
999 _a200.1 E96
_wDEWEY
_c23929
_i47375
_f2021-11-9
_g5
_lCCODEBUL1
_mBUL
_r0
_sY
_tBOOK
_u2015-6-24
_xTEOLOGIA
_PP35
_0COMPRA
_o.STAFF. Colección General
_d23929
980 _81
_gALBERTO SANCHEZ Responsable de Automatización